Central Library OPAC University of Rajshahi

Analysis of linear systems / (Record no. 55558)

MARC details
000 -LEADER
fixed length control field 00907nam a2200277 a 4500
001 - CONTROL NUMBER
control field 55558
003 - CONTROL NUMBER IDENTIFIER
rucl marc code BD-RjUL
005 - DATE AND TIME OF LATEST TRANSACTION
control field 20211209080301.0
008 - FIXED-LENGTH DATA ELEMENTS--GENERAL INFORMATION
fixed length control field 161120s1959 enka 001 0 eng
035 ## - SYSTEM CONTROL NUMBER
System control number (BD-RjUL) 55681
040 ## - CATALOGING SOURCE
Original cataloging agency DLC
Transcribing agency DLC
Modifying agency BD-RjUL
Language of cataloging eng
041 ## - LANGUAGE CODE
Language code of text/sound track or separate title eng
082 00 - DEWEY DECIMAL CLASSIFICATION NUMBER
Classification number 515.625
Author mark and year CHA 1959
Edition number 23
100 1# - MAIN ENTRY--PERSONAL NAME
Personal name Cheng, David K.
Fuller form of name (David Keun),
Dates associated with a name 1917-
9 (RLIN) 24015
245 10 - TITLE STATEMENT
Title Analysis of linear systems /
Statement of responsibility, etc. David K. Cheng.
260 ## - PUBLICATION, DISTRIBUTION, ETC. (IMPRINT)
Place of publication, distribution, etc. London :
Name of publisher, distributor, etc. Addison-Wesley Pub. Co.,
Date of publication, distribution, etc. c1959
300 ## - PHYSICAL DESCRIPTION
Pagination xv, 431 p. :
Illustrations ill. ;
Size 24 cm.
490 1# - SERIES STATEMENT
Series statement The Addison-Wesley series in electrical engineering
500 ## - GENERAL NOTE
General note Includes index.
650 #0 - SUBJECT ADDED ENTRY--TOPICAL TERM
Topical term or geographic name as entry element Linear systems.
9 (RLIN) 20105
Topical term or geographic name as entry element Differential equations, Linear.
9 (RLIN) 19816
Topical term or geographic name as entry element Electromechanical analogies.
9 (RLIN) 24016
Topical term or geographic name as entry element Mathematics.
9 (RLIN) 24017
830 #0 - SERIES ADDED ENTRY--UNIFORM TITLE
Uniform title Addison-Wesley series in electrical engineering.
942 ## - ADDED ENTRY ELEMENTS (KOHA)
Source of classification or shelving scheme Dewey Decimal Classification
Koha item type Books
Holdings
Lost status Source of classification or shelving scheme Damaged status Not for loan Collection code Permanent Location Current Location Shelving location Date acquired Source of acquisition Cost, normal purchase price Total Checkouts Full call number Date last seen Copy number Koha item type
  Dewey Decimal Classification     Non-fiction Central Library, University of Rajshahi Central Library, University of Rajshahi   28/01/1963 Zeitlinger 74.00   515.625 CHA 1959 20/11/2016 C-2 Books